Statistics for Who wrote these feminist (fiction and non-fiction) books?

Click here to take the quiz!

General Stats

  • This quiz has been taken 74 times
  • The average score is 4 of 10

Answer Stats

HintAnswer% Correct
The Handmaid's TaleMargaret Atwood
79%
The Second SexSimone De Beauvoir
77%
A Room of One's OwnVirginia Woolf
69%
A Vindication of the Rights of WomanMary Wollstonecraft
56%
The Female EunuchGeramine Greer
39%
The Beauty MythNaomi Wolf
24%
Sexual PoliticsKate Millett
18%
How to be a WomanCaitlin Moran
8%
The Vagina MonologuesEve Ensler
8%
Against Our WillSusan Brownmiller
6%

Score Distribution

Percentile by Number Answered

Percent of People with Each Score

Your Score History

You have not taken this quiz